| 000 -LEADER |
| fixed length control field |
00797cam a2200253 a 4500 |
| 020 ## - INTERNATIONAL STANDARD BOOK NUMBER |
| ISBN |
1566395399 |
| 020 ## - INTERNATIONAL STANDARD BOOK NUMBER |
| ISBN |
1566395402 |
| 040 ## - CATALOGING SOURCE |
| Transcribing agency |
DLC |
| 082 00 - DEWEY DECIMAL CLASSIFICATION NUMBER |
| Classification number |
820 INT1999 C157 Or. |
| 100 1# - MAIN ENTRY--AUTHOR NAME |
| Personal name |
Chancy, Myriam J. A., |
| 245 10 - TITLE STATEMENT |
| Title |
Searching for safe spaces : |
| Remainder of title |
Afro-Caribbean women writers in exile / |
| 300 ## - PHYSICAL DESCRIPTION |
| Number of Pages |
xxv, 246 pages ; |
| Dimensions |
24 cm. |
| 650 #0 - SUBJECT ADDED ENTRY--TOPICAL TERM |
| Topical Term |
Caribbean literature (English) |
| 650 #0 - SUBJECT ADDED ENTRY--TOPICAL TERM |
| Topical Term |
West Indian literature (English) |
| 650 #0 - SUBJECT ADDED ENTRY--TOPICAL TERM |
| Topical Term |
Caribbean literature (English) |
| 650 #0 - SUBJECT ADDED ENTRY--TOPICAL TERM |
| Topical Term |
West Indian literature (English) |
| 650 #0 - SUBJECT ADDED ENTRY--TOPICAL TERM |
| Topical Term |
Alienation (Social psychology) in literature |
| 650 #0 - SUBJECT ADDED ENTRY--TOPICAL TERM |
| Topical Term |
Women and literature |
| 650 #0 - SUBJECT ADDED ENTRY--TOPICAL TERM |
| Topical Term |
Women and literature |
| 650 #0 - SUBJECT ADDED ENTRY--TOPICAL TERM |
| Topical Term |
Minorities in literature |
| 650 #0 - SUBJECT ADDED ENTRY--TOPICAL TERM |
| Topical Term |
Outsiders in literature |
| 650 #0 - SUBJECT ADDED ENTRY--TOPICAL TERM |
| Topical Term |
Exiles in literature |
| 942 ## - ADDED ENTRY ELEMENTS (KOHA) |
| Koha item type |
ADB |
| 952 ## - LOCATION AND ITEM INFORMATION (KOHA) |
| Withdrawn status [LOCAL, KOHA] |
0 |